00363nam a2200109Ia 4500008004100000041000800041082001400049100001900063245012000082260003200202300001900234241015s9999 xx 000 0 und d aeng a001.4 VAD aVadgama Nikhil aEnabling The Internet Of Value: How Blockchain Connects Global Businesses How Blockchain Connects Global Businesses bSpringeraSwitzerlandc2022 a208;. P. 22 cm